Rosalinde tiene ideas en la cabeza / (Registro nro. 11825)

Detalles MARC
000 -LEADER
fixed length control field 01045nam a22003017a 4500
001 - CONTROL NUMBER
control field 000648
003 - CONTROL NUMBER IDENTIFIER
control field DO-SdBNP
005 - DATE AND TIME OF LATEST TRANSACTION
control field 20180208113631.0
007 - PHYSICAL DESCRIPTION FIXED FIELD--GENERAL INFORMATION
fixed length control field 000648
008 - FIXED-LENGTH DATA ELEMENTS--GENERAL INFORMATION
fixed length control field 161108b 2005 sp a ||||| |||| 00| 0 spa d
020 ## - INTERNATIONAL STANDARD BOOK NUMBER
International Standard Book Number 8420448974
040 ## - CATALOGING SOURCE
Original cataloging agency BPMSU
Language of cataloging spa
Transcribing agency BPMSU
100 1# - MAIN ENTRY--PERSONAL NAME
Personal name Nöstlinger, Christine,
Dates associated with a name 1936-
240 10 - UNIFORM TITLE
Uniform title <a href="Rosalinde hat gedanken im Kopf.">Rosalinde hat gedanken im Kopf.</a>
Language of a work Español
245 10 - TITLE STATEMENT
Title Rosalinde tiene ideas en la cabeza /
Statement of responsibility, etc. Rosalinde tiene ideaChristine Nöstlinger ; ilustraciones de Sofía Balzola ; traducción, María Jesús Ampudia.
250 ## - EDITION STATEMENT
Edition statement 22ª ed.
260 ## - PUBLICATION, DISTRIBUTION, ETC. (IMPRINT)
Place of publication, distribution, etc. Madrid :
Name of publisher, distributor, etc. Alfaguara,
Date of publication, distribution, etc. 2005.
300 ## - PHYSICAL DESCRIPTION
Extent 93 p. :
Other physical details il.;
Dimensions 20 cm.
490 1# - SERIES STATEMENT
Series statement Alfaguara infantil
500 ## - GENERAL NOTE
General note Traducción de: Rosalinde hat gedanken im Kopf
500 ## - GENERAL NOTE
General note Incluye datos biográficos de la autora.
700 12 - ADDED ENTRY--PERSONAL NAME
Personal name Balzola, Sofía,
Relator term il.
700 12 - ADDED ENTRY--PERSONAL NAME
Personal name Ampudia, María Jesús,
Relator term tr.
830 #0 - SERIES ADDED ENTRY--UNIFORM TITLE
Uniform title Alfaguara infantil
942 ## - ADDED ENTRY ELEMENTS (KOHA)
Source of classification or shelving scheme Dewey Decimal Classification
Koha item type Libros
945 ## - LOCAL PROCESSING INFORMATION (OCLC)
a Inventariado, 2018 /LP
956 ## - LOCAL ELECTRONIC LOCATION AND ACCESS (OCLC)
Access method LOPEREZ
Materials specified 10
Linkage 20161108
Field link and sequence number BPMSU
Host name 00041
Existencias
Withdrawn status Lost status Source of classification or shelving scheme Damaged status Not for loan Collection code Home library Current library Date acquired Source of acquisition Total Checkouts Barcode Date last seen Price effective from Koha item type
    Dewey Decimal Classification     Colección Infantil General Biblioteca Pública Metropolitana Salomé Ureña Biblioteca Pública Metropolitana Salomé Ureña 11/08/2016 FUNDI   BPMSU16110148 11/08/2016 11/08/2016 Libros